[Event "29th Open"]
[Site "Cappelle la Grande FRA"]
[Date "2013.02.25"]
[Round "3.5"]
[White "Indjic, Aleksandar"]
[Black "Vovk, Andrey"]
[Result "1-0"]
[WhiteTitle "IM"]
[BlackTitle "GM"]
[WhiteElo "2502"]
[BlackElo "2564"]
[WhiteFideId "911925"]
[BlackFideId "14114470"]
[EventDate "2013.02.23"]

1. d4 Nf6 2. c4 g6 3. f3 Bg7 4. e4 d6 5. Ne2 O-O 6. Be3 c5 7. Qd2 Nc6 8. Na3
cxd4 9. Nxd4 Nd7 10. Nac2 Nc5 11. Be2 Ne6 12. O-O Nexd4 13. Nxd4 Nxd4 14. Bxd4
Bxd4+ 15. Qxd4 Qb6 16. Qxb6 axb6 17. a4 Bd7 18. b3 Bc6 19. Kf2 Kg7 20. Rad1 Ra5
21. Bd3 f6 22. Bc2 Kf7 23. Ke3 h6 24. g3 g5 25. Rd2 Rh8 26. Rh1 Rg8 27. h3 Ke8
28. Rg2 Ra8 29. h4 Kf7 30. g4 Bd7 31. hxg5 hxg5 32. Rgh2 Be6 33. Kd4 Rac8 34.
Kc3 Ke8 35. Rh7 Kd7 36. Kb4 Ra8 37. R1h6 Kd8 38. e5 dxe5 39. Be4 Bc8 40. Rh8 Kc7
41. Rxg8 1-0

[Event "29th Open"]
[Site "Cappelle la Grande FRA"]
[Date "2013.02.25"]
[Round "3.6"]
[White "Kovacevic, Aleksandar"]
[Black "Baryshpolets, Andrey"]
[Result "1-0"]
[WhiteTitle "GM"]
[BlackTitle "IM"]
[WhiteElo "2563"]
[BlackElo "2526"]
[WhiteFideId "903124"]
[BlackFideId "14117207"]
[EventDate "2013.02.23"]

1. e4 e5 2. Nf3 Nc6 3. Bc4 Nf6 4. Ng5 d5 5. exd5 Na5 6. Bb5+ Bd7 7. Qe2 Be7 8.
Bxd7+ Qxd7 9. c4 c6 10. d4 exd4 11. Bd2 b6 12. Bxa5 bxa5 13. dxc6 Qxc6 14. O-O
Qc5 15. Nf3 O-O 16. Nbd2 a4 17. Ne5 Rfe8 18. Nd3 Qa5 19. Nf3 a3 20. b3 Bb4 21.
Qc2 Bc3 22. Rad1 Qc7 23. Nc1 Rad8 24. Ne2 Bb2 25. Nexd4 Ne4 26. Nb5 Qe7 27. Rxd8
Qxd8 28. Re1 f5 29. Nxa7 Nc3 30. Nb5 Rxe1+ 31. Nxe1 Nxa2 32. Nxa3 Qe7 33. Nd3
Nb4 34. Qxb2 Nxd3 35. Qd2 Qe4 36. Nb5 f4 37. f3 Qg6 38. Kf1 h6 39. Nc3 Nc5 40.
Qd5+ Ne6 41. Ne4 1-0

[Event "29th Open"]
[Site "Cappelle la Grande FRA"]
[Date "2013.02.25"]
[Round "3.7"]
[White "Papin, Vasily"]
[Black "Danielian, Elina"]
[Result "1/2-1/2"]
[WhiteTitle "GM"]
[BlackTitle "GM"]
[WhiteElo "2562"]
[BlackElo "2466"]
[WhiteFideId "4143183"]
[BlackFideId "13300210"]
[EventDate "2013.02.23"]

1. Nf3 d5 2. c4 dxc4 3. e3 e6 4. Bxc4 a6 5. O-O Nf6 6. Qe2 c5 7. Rd1 b5 8. Bb3
Bb7 9. a4 c4 10. Bc2 Nbd7 11. axb5 axb5 12. Rxa8 Qxa8 13. d3 Bxf3 14. Qxf3 Qxf3
15. gxf3 cxd3 16. Bxd3 b4 17. Bb5 Bc5 18. Nd2 Ke7 19. Nb3 Rb8 20. Be2 g5 21. Bd2
Bd6 22. Na5 Ne5 23. Kf1 Bc7 24. Nb3 Nd5 25. Rc1 Bd6 26. Nd4 Kf6 27. h4 h6 28.
hxg5+ 1/2-1/2

[Event "29th Open"]
[Site "Cappelle la Grande FRA"]
[Date "2013.02.25"]
[Round "3.8"]
[White "Sjugirov, Sanan"]
[Black "Blomqvist, Erik"]
[Result "1-0"]
[WhiteTitle "GM"]
[BlackTitle "IM"]
[WhiteElo "2646"]
[BlackElo "2465"]
[WhiteFideId "4189302"]
[BlackFideId "1709437"]
[EventDate "2013.02.23"]

1. e4 c5 2. Nf3 e6 3. d4 cxd4 4. Nxd4 Nc6 5. Nc3 Qc7 6. g3 a6 7. Bg2 d6 8. O-O
Bd7 9. Re1 Be7 10. Nxc6 Bxc6 11. Qg4 h5 12. Qe2 h4 13. a4 hxg3 14. hxg3 Nf6 15.
Bf4 e5 16. Be3 Rc8 17. a5 Bd7 18. Bg5 Be6 19. Qd2 Qc5 20. Be3 Qc7 21. Bg5 Qc5
22. Be3 Qc7 23. Rec1 Qd7 24. Bg5 Bh3 25. Bf3 Bg4 26. Qe2 Bxf3 27. Qxf3 Nxe4 28.
Nxe4 f5 29. Nxd6+ Bxd6 30. Rd1 Rc6 31. Rd5 Qf7 32. Rad1 Qg6 33. Qb3 Qxg5 34.
Qxb7 Qh5 35. Qxc6+ Kf7 36. Rxd6 1-0

[Event "29th Open"]
[Site "Cappelle la Grande FRA"]
[Date "2013.02.25"]
[Round "3.9"]
[White "Negi, Parimarjan"]
[Black "Stella, Andrea"]
[Result "1/2-1/2"]
[WhiteTitle "GM"]
[BlackTitle "IM"]
[WhiteElo "2638"]
[BlackElo "2477"]
[WhiteFideId "5016690"]
[BlackFideId "827061"]
[EventDate "2013.02.23"]

1. e4 e6 2. d4 d5 3. e5 c5 4. c3 Nc6 5. Nf3 Nh6 6. Bxh6 gxh6 7. Be2 Qb6 8. Qd2
Bg7 9. O-O O-O 10. Na3 cxd4 11. cxd4 f6 12. exf6 Rxf6 13. Nc2 Bd7 14. b4 Be8 15.
a4 a6 16. Ne5 a5 17. bxa5 Qxa5 18. Qe3 Bg6 19. Nxc6 bxc6 20. Bd3 c5 21. h3 cxd4
22. Nxd4 e5 23. Nb5 e4 24. Bc2 Kh8 25. Rac1 Bf7 26. Rfd1 h5 27. Bb3 Rd8 28. Qc5
Qb6 29. Rd2 Bh6 30. Qxb6 Rxb6 31. Rcd1 Bxd2 32. Rxd2 Bg8 33. Kf1 Rbb8 34. f3
exf3 35. gxf3 Ra8 36. Nd4 Rdb8 37. Ke2 Rb4 38. Kd3 Rb6 39. Re2 Rf8 40. Re5 h4
41. Bxd5 1/2-1/2

[Event "29th Open"]
[Site "Cappelle la Grande FRA"]
[Date "2013.02.25"]
[Round "3.10"]
[White "Azarov, Sergei"]
[Black "Baron, Tal"]
[Result "1-0"]
[WhiteTitle "GM"]
[BlackTitle "GM"]
[WhiteElo "2627"]
[BlackElo "2470"]
[WhiteFideId "13501470"]
[BlackFideId "2809958"]
[EventDate "2013.02.23"]

1. e4 e5 2. Nf3 Nc6 3. Bb5 a6 4. Ba4 Nf6 5. O-O Be7 6. Re1 b5 7. Bb3 d6 8. c3
O-O 9. h3 Nb8 10. d4 Nbd7 11. Nbd2 Bb7 12. Bc2 Re8 13. Nf1 Bf8 14. Ng3 g6 15. a4
c5 16. d5 c4 17. Bg5 h6 18. Be3 Nc5 19. Qd2 h5 20. Bg5 Be7 21. Ra3 Nfd7 22. Be3
Bf6 23. Rea1 Nb6 24. axb5 axb5 25. Rxa8 Nxa8 26. Ng5 Nb6 27. Bxc5 dxc5 28. h4
Nc8 29. Qe3 Qc7 30. Bd1 Bg7 31. Bxh5 gxh5 32. Qf3 Nd6 33. Qxh5 Kf8 34. Qh7 Bf6
35. Ne6+ Rxe6 36. dxe6 Qe7 37. exf7 Qxf7 38. Qh6+ Qg7 39. Qxg7+ Bxg7 40. f3 Bh6
41. Rd1 Bf4 42. Rxd6 Bxg3 43. Rb6 1-0

[Event "29th Open"]
[Site "Cappelle la Grande FRA"]
[Date "2013.02.25"]
[Round "3.12"]
[White "Lalic, Bogdan"]
[Black "Kravtsiv, Martyn"]
[Result "1/2-1/2"]
[WhiteTitle "GM"]
[BlackTitle "GM"]
[WhiteElo "2478"]
[BlackElo "2597"]
[WhiteFideId "409081"]
[BlackFideId "14113147"]
[EventDate "2013.02.23"]

1. d4 Nf6 2. c4 e6 3. g3 d5 4. Bg2 Bb4+ 5. Nd2 O-O 6. Nf3 dxc4 7. Qc2 a5 8. Qxc4
b6 9. Qc2 Ba6 10. a3 Be7 11. Ne4 Nxe4 12. Qxe4 Ra7 13. O-O Nd7 14. Rd1 Bb7 15.
Qc2 Qa8 16. Ng5 Nf6 17. Bxb7 Qxb7 18. Bd2 Rc8 19. Rac1 h6 20. Nf3 c5 21. dxc5
Bxc5 22. Be3 1/2-1/2

[Event "29th Open"]
[Site "Cappelle la Grande FRA"]
[Date "2013.02.25"]
[Round "4.1"]
[White "Indjic, Aleksandar"]
[Black "Kovacevic, Aleksandar"]
[Result "1/2-1/2"]
[WhiteTitle "IM"]
[BlackTitle "GM"]
[WhiteElo "2502"]
[BlackElo "2563"]
[WhiteFideId "911925"]
[BlackFideId "903124"]
[EventDate "2013.02.23"]

1. d4 Nf6 2. c4 e6 3. Nc3 c5 4. d5 exd5 5. cxd5 d6 6. Nf3 g6 7. h3 Bg7 8. e4 O-O
9. Bd3 b5 10. Bxb5 Nxe4 11. Nxe4 Qa5+ 12. Nfd2 Qxb5 13. Nxd6 Qa6 14. N2c4 Nd7
15. O-O Ne5 16. Nxe5 Bxe5 17. Nxc8 Raxc8 18. Re1 Rfe8 19. Bg5 Qd6 20. Qf3 Bxb2
21. Bf4 Be5 22. Rxe5 Rxe5 23. Rd1 c4 1/2-1/2

[Event "29th Open"]
[Site "Cappelle la Grande FRA"]
[Date "2013.02.25"]
[Round "4.2"]
[White "Eingorn, Vereslav S"]
[Black "Gharamian, Tigran"]
[Result "1/2-1/2"]
[WhiteTitle "GM"]
[BlackTitle "GM"]
[WhiteElo "2547"]
[BlackElo "2661"]
[WhiteFideId "14100053"]
[BlackFideId "13301527"]
[EventDate "2013.02.23"]

1. c4 Nf6 2. Nf3 g6 3. b3 Bg7 4. Bb2 c5 5. g3 b6 6. Bg2 Bb7 7. O-O O-O 8. Nc3 d6
9. e3 Nbd7 10. Qe2 a6 11. Rfd1 Re8 12. d3 Rb8 13. a4 e6 14. Rac1 Qc7 15. d4 Rbd8
16. d5 e5 17. e4 Bc8 18. Ne1 Kh8 19. Nd3 Ng8 20. Rf1 f5 1/2-1/2

[Event "29th Open"]
[Site "Cappelle la Grande FRA"]
[Date "2013.02.25"]
[Round "4.3"]
[White "Djukic, Nikola"]
[Black "Sjugirov, Sanan"]
[Result "1/2-1/2"]
[WhiteTitle "GM"]
[BlackTitle "GM"]
[WhiteElo "2538"]
[BlackElo "2646"]
[WhiteFideId "922412"]
[BlackFideId "4189302"]
[EventDate "2013.02.23"]

1. e4 c5 2. Nf3 d6 3. d4 cxd4 4. Nxd4 Nf6 5. Nc3 a6 6. Be3 e5 7. Nb3 Be6 8. h3
Be7 9. Qf3 O-O 10. O-O-O b5 11. g4 b4 12. Nd5 Nxd5 13. exd5 Bc8 14. Bd3 a5 15.
Nd2 Bg5 16. h4 Bxe3 17. fxe3 Na6 18. Ne4 f5 19. gxf5 Bxf5 20. Qh5 Bg6 21. Qg4
Bf5 22. Qh5 Bg6 23. Qg4 Bf5 24. Qh5 1/2-1/2

[Event "29th Open"]
[Site "Cappelle la Grande FRA"]
[Date "2013.02.25"]
[Round "4.4"]
[White "Kharitonov, Alexandr"]
[Black "Azarov, Sergei"]
[Result "1/2-1/2"]
[WhiteTitle "GM"]
[BlackTitle "GM"]
[WhiteElo "2536"]
[BlackElo "2627"]
[WhiteFideId "4135202"]
[BlackFideId "13501470"]
[EventDate "2013.02.23"]

1. d4 d5 2. c4 e6 3. Nc3 Be7 4. cxd5 exd5 5. Bf4 Nf6 6. e3 Bf5 7. Bd3 Bxd3 8.
Qxd3 c6 9. Nge2 O-O 10. Ng3 Re8 11. O-O Na6 12. f3 c5 13. Qb5 Qc8 14. Rac1 Nc7
15. Qa4 Ne6 16. Be5 Qc6 17. Qxc6 bxc6 18. Nf5 Bd8 19. Nd6 Rf8 20. Bxf6 Bxf6 21.
dxc5 Rab8 22. b3 Rfd8 23. Na4 g6 24. Rfd1 Be7 25. e4 dxe4 26. Nxe4 f5 27. Nd6
Nxc5 28. Nxc5 Rxd6 29. Rxd6 Bxd6 30. Nd3 Rb6 31. Kf2 Kf7 32. h3 a5 33. Ke3 Kf6
34. Rc4 g5 35. g4 h6 36. Kd4 Ra6 37. Ke3 Rb6 38. Rd4 Bh2 39. Ra4 Rb5 40. Rc4
Bg1+ 41. Ke2 c5 42. Kd1 Ke6 43. Kc2 fxg4 44. hxg4 Kd5 45. Re4 Bd4 46. Re8 Rb7
47. Rd8+ Kc6 48. Rc8+ Kd5 49. Rd8+ Kc6 50. Rc8+ Kd5 1/2-1/2

[Event "29th Open"]
[Site "Cappelle la Grande FRA"]
[Date "2013.02.25"]
[Round "4.6"]
[White "Timofeev, Artyom"]
[Black "Grigoryan, Karen H."]
[Result "1/2-1/2"]
[WhiteTitle "GM"]
[BlackTitle "IM"]
[WhiteElo "2613"]
[BlackElo "2531"]
[WhiteFideId "4140419"]
[BlackFideId "13301004"]
[EventDate "2013.02.23"]

1. d4 d5 2. c4 c6 3. Nf3 Nf6 4. Nc3 dxc4 5. a4 Bf5 6. e3 e6 7. Bxc4 Bb4 8. O-O
Nbd7 9. Nh4 Bg4 10. f3 Bh5 11. g4 Bg6 12. e4 O-O 13. Ne2 c5 14. g5 Nh5 15. Qb3
Nb6 16. Rd1 Qc7 17. d5 exd5 18. Bxd5 Nxd5 19. Rxd5 Rad8 20. Ng2 Rxd5 21. Qxd5
Kh8 22. Be3 f6 23. Rd1 fxg5 24. Qxg5 Qc6 25. Ngf4 Nxf4 26. Nxf4 Qxa4 27. Rd8
Rxd8 28. Qxd8+ Be8 29. Nd5 Qd7 30. Qb8 h6 31. Qxa7 Qa4 32. Qb8 Kh7 33. Qxb7 Qa1+
34. Kg2 Qxb2+ 35. Bf2 Bh5 36. h4 Qe5 37. Nxb4 Qf4 38. e5 cxb4 39. e6 Qe5 40.
Qxb4 Qxe6 1/2-1/2

[Event "29th Open"]
[Site "Cappelle la Grande FRA"]
[Date "2013.02.25"]
[Round "4.7"]
[White "Popilski, Gil"]
[Black "Vovk, Yuri"]
[Result "0-1"]
[WhiteTitle "GM"]
[BlackTitle "GM"]
[WhiteElo "2518"]
[BlackElo "2594"]
[WhiteFideId "2809060"]
[BlackFideId "14113171"]
[EventDate "2013.02.23"]

1. d4 Nf6 2. c4 e6 3. Nf3 d5 4. Nc3 Bb4 5. Qa4+ Nc6 6. e3 O-O 7. Bd2 a6 8. a3
Bd6 9. Qc2 dxc4 10. Bxc4 e5 11. d5 Ne7 12. h3 b5 13. Bd3 Bb7 14. e4 c6 15. dxc6
Nxc6 16. O-O Rc8 17. Bg5 Nd4 18. Qd1 Ne6 19. Bh4 Nf4 20. Bb1 h6 21. Re1 g5 22.
Bg3 Kh8 23. Ba2 Rxc3 24. bxc3 Nxe4 25. Bxf4 gxf4 26. Qd3 f5 27. Rad1 Qb6 28.
Rxe4 fxe4 29. Qxd6 Qxd6 30. Rxd6 exf3 31. Rxh6+ Kg7 32. Re6 Rf7 33. gxf3 Bxf3
34. Rxe5 Rd7 35. Bb3 Rc7 36. Bd5 Kf6 37. Re6+ Kf5 38. Ba2 Rxc3 39. Re1 Rxa3 40.
Be6+ Kg5 0-1

[Event "29th Open"]
[Site "Cappelle la Grande FRA"]
[Date "2013.02.25"]
[Round "4.8"]
[White "Jianu, Vlad-Cristian"]
[Black "Zhigalko, Andrey"]
[Result "1/2-1/2"]
[WhiteTitle "GM"]
[BlackTitle "GM"]
[WhiteElo "2500"]
[BlackElo "2588"]
[WhiteFideId "1208110"]
[BlackFideId "13502247"]
[EventDate "2013.02.23"]

1. Nf3 c5 2. c4 Nc6 3. g3 g6 4. Bg2 Bg7 5. Nc3 e6 6. d3 d5 7. O-O Nge7 8. Bg5 h6
9. Bd2 b6 10. a3 Bb7 11. Rb1 Rc8 12. b4 cxb4 13. axb4 dxc4 14. dxc4 O-O 15. Qc1
Nd4 16. Bxh6 Rxc4 17. Nxd4 Bxg2 18. Bxg7 Kxg7 19. Rd1 Nd5 20. Qb2 Qf6 21. Nxd5
Bxd5 22. b5 Rfc8 23. e4 e5 24. Nf5+ gxf5 25. exd5 Qd6 26. Qd2 f4 27. Qe2 R8c5
28. Qg4+ Kf8 29. Qh5 Rxd5 30. Rxd5 Qxd5 31. Ra1 Rc7 32. Rd1 Qc5 33. Qg5 Rd7 34.
Qh6+ Ke7 35. Qg5+ Kf8 36. Qh6+ Ke7 37. Qh4+ Ke8 38. Qh8+ Ke7 39. Qh4+ Ke8 40.
Qh8+ Ke7 1/2-1/2

[Event "29th Open"]
[Site "Cappelle la Grande FRA"]
[Date "2013.02.25"]
[Round "4.9"]
[White "Glud, Jakob Vang"]
[Black "Gurevich, Mikhail"]
[Result "0-1"]
[WhiteTitle "IM"]
[BlackTitle "GM"]
[WhiteElo "2514"]
[BlackElo "2581"]
[WhiteFideId "1407767"]
[BlackFideId "200930"]
[EventDate "2013.02.23"]

1. c4 f5 2. g3 Nf6 3. Bg2 g6 4. Nc3 d6 5. d3 Bg7 6. e4 Nc6 7. Nge2 O-O 8. O-O e5
9. Nd5 Be6 10. h3 Qd7 11. Kh2 f4 12. gxf4 Nh5 13. fxe5 dxe5 14. f3 Nd4 15. Ndc3
Nxe2 16. Nxe2 Rad8 17. Bg5 Bf6 18. Bh6 Rf7 19. Nc3 Bh4 20. Qd2 Qxd3 21. Qxd3
Rxd3 22. Rfd1 Rfd7 23. Rxd3 Rxd3 24. Rd1 Rxd1 25. Nxd1 Bxc4 26. b3 Bd3 27. Be3
b6 28. Nc3 c6 29. Kg1 Be1 0-1

[Event "29th Open"]
[Site "Cappelle la Grande FRA"]
[Date "2013.02.25"]
[Round "4.10"]
[White "Danin, Alexandre"]
[Black "Lagarde, Maxime"]
[Result "1/2-1/2"]
[WhiteTitle "GM"]
[BlackTitle "IM"]
[WhiteElo "2578"]
[BlackElo "2529"]
[WhiteFideId "4144031"]
[BlackFideId "662399"]
[EventDate "2013.02.23"]

1. e4 c5 2. Nf3 e6 3. Nc3 Nc6 4. d4 cxd4 5. Nxd4 d6 6. Be3 Nf6 7. Bc4 Be7 8. Bb3
Bd7 9. f4 O-O 10. O-O Nxd4 11. Bxd4 Bc6 12. Qe2 b5 13. Nxb5 Bxb5 14. Qxb5 Nxe4
15. f5 e5 16. Be3 Nf6 17. Rad1 Qc7 18. Qe2 a5 19. a4 Rab8 20. Bg5 Rb4 21. Rf3
Rd8 22. Qa6 Qb7 23. Qxb7 Rxb7 24. Rfd3 e4 25. Rd4 h6 26. Bxf6 Bxf6 27. Rxe4 Bxb2
28. Rd5 Bc3 29. Kf1 Rc7 30. Ke2 Kf8 31. Kd3 Bb4 32. Rb5 1/2-1/2

[Event "29th Open"]
[Site "Cappelle la Grande FRA"]
[Date "2013.02.25"]
[Round "4.11"]
[White "Flores Rios, Mauricio"]
[Black "Burmakin, Vladimir"]
[Result "1-0"]
[WhiteTitle "GM"]
[BlackTitle "GM"]
[WhiteElo "2481"]
[BlackElo "2577"]
[WhiteFideId "3408027"]
[BlackFideId "4105109"]
[EventDate "2013.02.23"]

1. d4 c6 2. c4 Nf6 3. Nc3 d5 4. cxd5 cxd5 5. Bf4 e6 6. e3 Bd6 7. Bxd6 Qxd6 8.
Bd3 a6 9. f4 b5 10. Nf3 Bb7 11. O-O O-O 12. Ne5 Ne4 13. Qc2 f5 14. a4 b4 15.
Nxe4 fxe4 16. Be2 Rc8 17. Qd2 Nc6 18. a5 Rab8 19. Rfc1 Nxe5 20. fxe5 Qe7 21.
Rxc8+ Rxc8 22. Rc1 Rxc1+ 23. Qxc1 h6 24. g3 Kh7 25. Kf2 Kg6 26. Ke1 Kf7 27. Kd2
Ke8 28. Qf1 Qd8 29. Bh5+ Kd7 30. Qf7+ Qe7 31. Qxe7+ Kxe7 32. Kc2 Bc6 33. Kb3 Bb5
34. Kxb4 Kd7 35. Bd1 g5 36. h4 gxh4 37. gxh4 Kc7 38. Ba4 1-0

[Event "29th Open"]
[Site "Cappelle la Grande FRA"]
[Date "2013.02.25"]
[Round "4.12"]
[White "Fedorov, Alexei"]
[Black "Gabuzyan, Hovhannes"]
[Result "1-0"]
[WhiteTitle "GM"]
[BlackTitle "GM"]
[WhiteElo "2576"]
[BlackElo "2517"]
[WhiteFideId "13500465"]
[BlackFideId "13303732"]
[EventDate "2013.02.23"]

1. e4 c5 2. Ne2 Nf6 3. Nbc3 d6 4. g3 Nc6 5. Bg2 g6 6. d4 cxd4 7. Nxd4 Bg4 8.
Nde2 Bg7 9. h3 Bxe2 10. Nxe2 O-O 11. O-O Qb6 12. Nf4 Rac8 13. Nd5 Nxd5 14. exd5
Ne5 15. c3 Rc7 16. Re1 Rfc8 17. a4 Nc4 18. Ra2 Bf6 19. Re4 Qa5 20. Bf1 a6 21.
Re2 Qc5 22. a5 b5 23. axb6 Qxb6 24. Re4 a5 25. Qa4 Ne5 26. Be3 Qb7 27. Qb5 Rb8
28. Qxa5 Nf3+ 29. Kg2 Ne1+ 30. Kh1 Rc5 31. Bxc5 Qxd5 32. Qa4 dxc5 33. Qc4 Qd1
34. Qe2 Qb1 35. Rea4 Nc2 36. b3 Rd8 37. Kh2 Rd1 38. Bg2 Ne1 39. Be4 Qc1 40. Ra1
Qxa1 41. Rxa1 Rxa1 42. Qd2 Kg7 43. b4 cxb4 44. cxb4 e6 45. b5 Rb1 46. h4 Rxb5
47. Qxe1 h5 48. Kh3 Rb3 49. Qd1 Rb4 50. Bc2 Rd4 51. Qe2 Rd5 52. Be4 Rc5 53. Qa6
Rc7 54. Qd6 Rc4 55. Bc6 Rd4 56. Qc7 Kf8 57. Kg2 Rd3 58. Bb5 Rd4 59. f4 Rd2+ 60.
Kf1 Rd1+ 61. Ke2 Rd8 62. Bc6 Rd4 63. Qb8+ Rd8 64. Qb4+ Kg7 65. Qb7 Kf8 66. Kf3
Rd3+ 67. Kg2 Rd2+ 68. Kh3 Rd3 69. Bb5 Rd4 70. Qb8+ Rd8 71. Qc7 Kg8 72. Bc4 Rd2
73. Qb8+ Rd8 74. Qb4 Rd4 75. Kg2 Kg7 76. Kf3 Kg8 77. Qb8+ Rd8 78. Qc7 Kf8 79. g4
hxg4+ 80. Kxg4 Rd1 81. h5 gxh5+ 82. Kf3 Bd8 83. Qc5+ Kg7 84. f5 exf5 85. Qa7 f4
86. Qxf7+ Kh6 87. Qf8+ Kg6 88. Bf7+ Kg5 89. Qg7+ Kh4 90. Qg6 Rf1+ 91. Kg2 1-0

[Event "29th Open"]
[Site "Cappelle la Grande FRA"]
[Date "2013.02.26"]
[Round "5.2"]
[White "Vovk, Yuri"]
[Black "Ter-Sahakyan, Samvel"]
[Result "1/2-1/2"]
[WhiteTitle "GM"]
[BlackTitle "GM"]
[WhiteElo "2594"]
[BlackElo "2563"]
[WhiteFideId "14113171"]
[BlackFideId "13302531"]
[EventDate "2013.02.23"]

1. d4 d5 2. c4 e6 3. Nc3 Bb4 4. e3 Nf6 5. a3 Bxc3+ 6. bxc3 c5 7. cxd5 Nxd5 8. c4
Nf6 9. Nf3 Nc6 10. Be2 O-O 11. O-O Qe7 12. Bb2 Rd8 13. Qc2 b6 14. dxc5 Qxc5 15.
Nd2 Bb7 16. Nb3 Qg5 17. f4 Qg6 18. Qxg6 hxg6 19. c5 Ne4 20. Bf3 Rd3 21. Bxe4
Rxb3 22. Bd4 Rb8 23. cxb6 axb6 24. Bxc6 Bxc6 25. Rfb1 Rxb1+ 26. Rxb1 b5 27. g4
Ra8 28. Rb3 Bd5 29. Rxb5 Rxa3 30. Kf2 Ra2+ 31. Bb2 Ra7 32. Rc5 Ra2 33. Rc2 e5
34. fxe5 Be6 35. Kg3 g5 36. h4 gxh4+ 37. Kxh4 Ra4 38. Rg2 Ra2 39. Kh5 Kh7 40.
Rf2 Ra4 41. Rf4 Rxf4 42. exf4 g6+ 43. Kg5 Kg8 44. f5 gxf5 45. gxf5 Ba2 46. Kf6
Bb1 47. Ba3 Bc2 48. e6 fxe6 49. Kxe6 Bxf5+ 50. Kxf5 1/2-1/2

[Event "29th Open"]
[Site "Cappelle la Grande FRA"]
[Date "2013.02.26"]
[Round "5.3"]
[White "Gurevich, Mikhail"]
[Black "Hansen, Eric"]
[Result "1/2-1/2"]
[WhiteTitle "GM"]
[BlackTitle "GM"]
[WhiteElo "2581"]
[BlackElo "2557"]
[WhiteFideId "200930"]
[BlackFideId "2606771"]
[EventDate "2013.02.23"]

1. c4 Nf6 2. Nc3 d5 3. cxd5 Nxd5 4. g3 g6 5. Bg2 Nxc3 6. bxc3 Bg7 7. Rb1 Nc6 8.
Nf3 Qd7 9. O-O b6 10. Qc2 Bb7 11. d3 O-O 12. Rd1 Na5 13. Bb2 c5 14. c4 Bxb2 15.
Qxb2 Rfd8 16. Rbc1 Qf5 17. Nh4 Qe6 18. Bxb7 Nxb7 19. Ng2 Qd6 20. Ne3 e6 21. Ng4
Qd4 22. Qxd4 Rxd4 23. Nf6+ Kg7 24. Ne4 Rad8 25. Ra1 1/2-1/2

[Event "29th Open"]
[Site "Cappelle la Grande FRA"]
[Date "2013.02.26"]
[Round "5.4"]
[White "Fedorov, Alexei"]
[Black "Indjic, Aleksandar"]
[Result "1/2-1/2"]
[WhiteTitle "GM"]
[BlackTitle "IM"]
[WhiteElo "2576"]
[BlackElo "2502"]
[WhiteFideId "13500465"]
[BlackFideId "911925"]
[EventDate "2013.02.23"]

1. e4 c5 2. Ne2 d6 3. g3 g6 4. Bg2 Bg7 5. c3 Bg4 6. f3 Bd7 7. d4 Qc7 8. Be3 Na6
9. O-O Nf6 10. h3 O-O 11. f4 e5 12. dxe5 dxe5 13. fxe5 Ne8 14. Na3 Bxe5 15. Nc4
Bg7 16. Nf4 Bb5 17. Qb3 Nd6 18. Nd5 Bxc4 19. Nxc7 Bxb3 20. Nxa6 Bc4 21. Rfd1
Bxa6 22. Rxd6 Be5 23. Rd5 Bxg3 24. Bxc5 Rfe8 25. Bd6 Bxd6 26. Rxd6 Bb5 27. e5
Rxe5 28. Bxb7 Rg5+ 29. Kf2 Re8 30. Rd2 Re6 31. Bd5 Rf5+ 32. Kg1 Re3 33. c4 Bd7
34. Rad1 Kg7 35. Rd3 Re2 36. Bf3 Rxb2 37. Bg4 Rff2 38. Bxd7 Rg2+ 39. Kh1 Rh2+
40. Kg1 Rhg2+ 1/2-1/2

[Event "29th Open"]
[Site "Cappelle la Grande FRA"]
[Date "2013.02.26"]
[Round "5.5"]
[White "Flores Rios, Mauricio"]
[Black "Vazquez Igarza, Renier"]
[Result "1/2-1/2"]
[WhiteTitle "GM"]
[BlackTitle "GM"]
[WhiteElo "2481"]
[BlackElo "2565"]
[WhiteFideId "3408027"]
[BlackFideId "3503054"]
[EventDate "2013.02.23"]

1. d4 Nf6 2. c4 e6 3. g3 d5 4. Nf3 Bb4+ 5. Bd2 Be7 6. Bg2 c6 7. O-O Nbd7 8. Qc2
b6 9. Bf4 Ba6 10. Nbd2 O-O 11. Rfc1 Rc8 12. e4 dxc4 13. Nxc4 Bxc4 14. Qxc4 Nxe4
15. Qa4 Bd6 16. Ne5 Nxe5 17. dxe5 Nc5 18. Qa3 Bb8 19. b4 Nd7 20. Qe3 c5 21. b5
Qc7 22. Re1 c4 23. Qc3 Qc5 24. a4 g5 25. Be3 Bxe5 26. Qc2 Qe7 27. Rac1 Bf6 28.
f4 Rfd8 29. Qe2 gxf4 30. gxf4 c3 31. Be4 Nf8 32. Kh1 Ng6 33. Bc6 Rxc6 34. bxc6
Qc7 35. Qf3 Rc8 36. f5 exf5 37. Rf1 Qxc6 38. Qxc6 Rxc6 39. Rxf5 Kg7 40. Rcf1 Ne7
41. Rxf6 Rxf6 42. Bd4 Nd5 43. Rf3 c2 44. Bxf6+ Nxf6 45. Rc3 Ne4 46. Rxc2 Nc5 47.
a5 Kf6 48. Kg2 Ke5 49. axb6 axb6 50. Rb2 Nd7 51. Kf3 Ke6 52. Kf4 h6 53. Rb5 Kf6
54. Rd5 Nc5 55. Rd6+ Ne6+ 56. Kg3 Kg7 57. Rxb6 Nd4 58. Kg4 Ne6 59. Rd6 Kg6 60.
Rd5 Ng7 61. Kf4 Ne6+ 62. Ke5 Ng5 63. Rd6+ Kg7 64. Rf6 Ne6 65. Rf1 Ng5 66. Kd6
Kg6 67. Ke7 f5 68. Kd6 Kf6 69. Kd5 Ne4 70. Kd4 Nd2 71. Rf4 Ne4 72. Ke3 Kg5 73.
Rf1 Nf6 74. h3 Ne4 75. Rf4 Nf6 76. Ra4 Ne4 77. Kf3 Nd2+ 78. Kg2 Ne4 79. Ra8 Kf6
80. Kf3 Ng5+ 81. Kg3 Ne4+ 82. Kh4 Kg7 83. Ra7+ Kg6 1/2-1/2

[Event "29th Open"]
[Site "Cappelle la Grande FRA"]
[Date "2013.02.26"]
[Round "5.6"]
[White "Grigoryan, Karen H."]
[Black "Sasikiran, Krishnan"]
[Result "1-0"]
[WhiteTitle "IM"]
[BlackTitle "GM"]
[WhiteElo "2531"]
[BlackElo "2677"]
[WhiteFideId "13301004"]
[BlackFideId "5004985"]
[EventDate "2013.02.23"]

1. c4 Nf6 2. Nc3 e5 3. g3 d5 4. cxd5 Nxd5 5. Bg2 Nb6 6. Nf3 Nc6 7. O-O Be7 8. a3
O-O 9. b4 Be6 10. d3 f6 11. Bb2 Qd7 12. Ne4 Rfd8 13. Qc2 Qe8 14. b5 Na5 15. a4
c5 16. bxc6 Rac8 17. c7 Rd7 18. d4 Nb3 19. dxe5 Nxa1 20. Bxa1 Rdxc7 21. Qb1 Qg6
22. exf6 Bxf6 23. Bxf6 gxf6 24. Nd4 Bd5 25. a5 Nc4 26. Nxf6+ Qxf6 27. Bxd5+ Kh8
28. Bxc4 Qxd4 29. Bd3 Rf8 30. Be4 Re7 31. Bf3 Rf6 32. Rd1 Qc3 33. Qb5 h6 34.
Bxb7 Qe5 35. Rd8+ Kg7 36. Qc4 Rf8 37. Rxf8 Kxf8 38. a6 Rc7 39. Qb4+ Kg7 40. Qg4+
Kf8 41. Kg2 Rf7 42. Qc4 Kg7 43. Be4 Rc7 44. Qd5 Qxd5 45. Bxd5 Rc3 46. Be4 Kf6
47. f4 Ra3 48. Bd3 Ra1 49. g4 1-0